Biblioteca

Las prácticas de la predicación cristiana : (Registro nro. 69006)

Detalles MARC
000 -LÍDER
Campo fijo de descripción fija 01462nam a2200349 i 4500
001 - NÚMERO DE CONTROL
Campo de control 768714001
003 - IDENTIFICADOR DEL NÚMERO DE CONTROL
Campo de control CO-MdFUSB
005 - FECHA Y HORA DE LA ULTIMA TRANSACCIÓN
control field 20230915102251.0
007 - CAMPO FIJO DE DESCRIPCIÓN FIJA--INFORMACIÓN GENERAL
Campo fijo de descripción fija ca aa aaaaa
008 - ELEMENTOS DE LONGITUD FIJA -- INFORMACIÓN GENERAL
Campo fijo de descripción fija -- Información general 230915t2020 -us |||| |||| 00| 0 spa d
020 ## - NÚMERO INTERNACIONAL NORMALIZADO PARA LIBROS
Número Internacional Normalizado del libro 9780801098673
Información adicional electrónico
040 ## - FUENTE DE CATALOGACIÓN
Agencia de catalogación original CO-MdFUSB
Idioma de catalogación spa
Agencia que realiza la transcripción CO-MdFUSB
Agencia que realiza la modificación CO-MdFUSBC
Convenciones de la descripción rda
041 ## - CÓDIGO DE IDIOMA
Código de idioma para texto/pista de sonido o título separado spa
082 ## - NÚMERO DE CLASIFICACIÓN DECIMAL DEWEY
Número de la edición del Dewey 23
Número de clasificación 251
100 ## - ASIENTO PRINCIPAL--NOMBRE PERSONAL
Nombre personal Alcántara, Jared E.,
Término relacionador autor
245 14 - TÍTULO
Título del Material Las prácticas de la predicación cristiana :
Parte restante del título - Subtitulo rudimentos para la proclamación eficaz
Mención de responsabilidad, etc. / Jared E. Alcántara
Medio físico [electrónico]
264 #1 - PRODUCCIÓN, PUBLICACIÓN, DISTRIBUCIÓN, MANUFACTURA, Y COPYRIGHT
Lugar de producción, publicación, distribución, manufactura Grand Rapids, Michigan :
Nombre del productor, publicador, distribuidor Baker Academic,
Fecha de producción, publicación, distribución, manufactura, o copyright [2020]
264 #4 - PRODUCCIÓN, PUBLICACIÓN, DISTRIBUCIÓN, MANUFACTURA, Y COPYRIGHT
Fecha de producción, publicación, distribución, manufactura, o copyright ©2020
300 ## - DESCRIPCIÓN FÍSICA
Extensión 228 páginas
Dimensiones ;
336 ## - TIPO DE CONTENIDO
Fuente rdacontent
Término de tipo de contenido texto
Código de tipo de contenido txt
337 ## - TIPO DE MEDIO
Fuente rdamedia
Nombre del tipo de medio informático
Código del tipo de medio c
338 ## - TIPO DE SOPORTE
Fuente rdacarrier
Nombre del tipo de soporte remoto
Código Tipo de soporte cr
505 ## - NOTA DE CONTENIDO
Nota de contenido con formato preestablecido Predique sermones cristianos. -- Predique convencido. -- Predique de forma contextual. -- Predique con claridad. -- Predique de manera concreta. -- Predique de un modo creativo. -- Conclusión.
506 ## - NOTA DE RESTRICCIONES DE ACCESO
Condiciones de acceso Solicitar clave y usuario para acceder al libro electrónico.
650 #0 - ASIENTO SECUNDARIO DE MATERIA - TERMINO TEMÁTICO
9 (RLIN) 54
Término temático o nombre geográfico como elemento de entrada Predicación
650 #7 - ASIENTO SECUNDARIO DE MATERIA - TERMINO TEMÁTICO
9 (RLIN) 385
Término temático o nombre geográfico como elemento de entrada Religión
856 ## - LOCALIZACIÓN Y ACCESO ELECTRÓNICOS
Numero de Acceso 2471280
Identificador Uniforme del Recurso <a href="http://search.ebscohost.com/login.aspx?direct=true&scope=site&db=nlebk&db=nlabk&AN=2471280">http://search.ebscohost.com/login.aspx?direct=true&scope=site&db=nlebk&db=nlabk&AN=2471280</a>
Nota dirigida al público <a href="Abrir Versión electrónica del libro Las prácticas de la predicación cristiana">Abrir Versión electrónica del libro Las prácticas de la predicación cristiana</a>
942 ## - TIPO DE MATERIAL (KOHA)
Tipo de Item KOHA Libros General
945 ## - INFORMACIÓN LOCAL DEL REGISTRO
Catalogador JTF-925
Existencias
Estado de Material Estado de Perdido Forma de Clasificación Estado de Dañado No para Préstamo Colección Biblioteca de Origen Biblioteca Permanente Ubicación en Estantería Fecha de Adquisición Área Total de Préstamos Código de Barras Última vez visto Url Fecha de Remplazo Tipo de Material Nota Pública
    Dewey Decimal Classification     Colección Libros Electrónicos Biblioteca FUSBC Biblioteca FUSBC Libro electrónico 15/09/2023 HOMILETICA   ID2471280 15/09/2023 https://bit.ly/3PI1teB 15/09/2023 Libro electrónico LIBRO ELECTRÓNICO - Seguir el link de acceso

Biblioteca FUSBC | Teléfono: (57+4) 349 88 10 Ext. 141| WhatsApp (+57) 3005338115 
E-mail: biblioteca@unisbc.edu.co | Calle 76 87-14 Robledo Palenque, Medellín, Colombia

Con tecnología Koha